000 00281nam a22001337a 4500
003 SGT
082 _a612.015
_bT19K
100 _aKIRAN, KAJAL
245 _aTO STUDY THE CORRLATION OSTEOPONTIN
260 _aSGTU
_c2019
300 _a55
650 _aBIOCHEMISTRY
942 _2ddc
_cTH
999 _c20705
_d20705